[Event "26th Abu Dhabi Master 2019"]
[Site "Abu Dhabi"]
[Date "2019.08.03"]
[Round "2.53"]
[White "Mendonca, Leon Luke"]
[Black "Pujari, Rucha"]
[Result "1-0"]
[WhiteElo "2401"]
[BlackElo "2268"]
[Annotator "NA"]
[PlyCount "165"]
[EventDate "2019.08.02"]
[EventType "swiss"]
[EventCountry "UAE"]
[SourceTitle "playchess.com"]
[Source "ChessBase"]
[SourceQuality "1"]
[TimeControl "5400+30"]

1. d4 {[%emt 0:00:00]} d5 {[%emt 0:00:19]} 2. Nf3 {[%emt 0:00:00]} c5 {[%emt 0:04:07]} 3. dxc5 {[%emt 0:08:06]} e6 {[%emt 0:10:50]} 4. e4 {[%emt 0:17:53]} Bxc5 {[%emt 0:09:03]} 5. exd5 {[%emt 0:01:10]} Qxd5 {[%emt 0:03:02]} 6. Qxd5 {[%emt 0:02:09]} exd5 {[%emt 0:00:02]} 7. Nc3 {[%emt 0:11:27]} Ne7 {[%emt 0:07:14]} 8. Nb5 {[%emt 0:08:27]} Na6 {[%emt 0:02:59]} 9. c3 {[%emt 0:00:23]} O-O {[%emt 0:07:51]} 10. Be2 {[%emt 0:04:43]} Re8 {[%emt 0:06:59]} 11. O-O {[%emt 0:02:18]} Nc6 {[%emt 0:01:09]} 12. Re1 {[%emt 0:05:35]} Bg4 {[%emt 0:06:00]} 13. Bf4 {[%emt 0:03:37]} Re4 {[%emt 0:08:54]} 14. Bg3 {[%emt 0:04:02]} Rd8 {[%emt 0:13:59]} 15. h3 {[%emt 0:03:39]} Bh5 {[%emt 0:01:58]} 16. Kf1 {[%emt 0:06:30]} h6 {[%emt 0:01:41]} 17. Rad1 {[%emt 0:03:48]} Nab8 {[%emt 0:07:53]} 18. b4 {[%emt 0:05:31]} Bf8 {[%emt 0:01:49]} 19. Bc7 {[%emt 0:07:31]} Rd7 {[%emt 0:02:35]} 20. Bxb8 {[%emt 0:00:26]} Nxb8 {[%emt 0:00:01]} 21. Nxa7 {[%emt 0:00:08]} g5 {[%emt 0:01:28]} 22. Nb5 {[%emt 0:00:15]} Nc6 {[%emt 0:00:12]} 23. Nfd4 {[%emt 0:01:11]} Bg6 {[%emt 0:00:43]} 24. Bd3 {[%emt 0:01:07]} Rxe1+ {[%emt 0:00:35]} 25. Kxe1 {[%emt 0:00:01]} Bxd3 {[%emt 0:00:30]} 26. Rxd3 {[%emt 0:00:01]} Ne5 {[%emt 0:00:01]} 27. Rd1 {[%emt 0:01:06]} Nc4 {[%emt 0:00:48]} 28. a4 {[%emt 0:01:22]} Nb2 {[%emt 0:00:41]} 29. Ra1 {[%emt 0:00:22]} Kh7 {[%emt 0:00:10]} 30. a5 {[%emt 0:00:15]} Re7+ {[%emt 0:00:53]} 31. Kf1 {[%emt 0:01:37]} Nd3 {[%emt 0:00:02]} 32. Rd1 {[%emt 0:00:25]} Nf4 {[%emt 0:00:16]} 33. Nf5 {[%emt 0:00:38]} Rd7 {[%emt 0:00:41]} 34. g3 {[%emt 0:00:40]} Ne6 {[%emt 0:00:47]} 35. Ne3 {[%emt 0:00:30]} d4 {[%emt 0:00:15]} 36. Nc2 {[%emt 0:00:33]} d3 {[%emt 0:00:48]} 37. Ne3 {[%emt 0:00:29]} Kg6 {[%emt 0:00:19]} 38. Ke1 {[%emt 0:00:30]} f5 {[%emt 0:00:14]} 39. Nc4 {[%emt 0:00:30]} Rd5 {[%emt 0:00:05]} 40. Nba3 {[%emt 0:00:22]} Bg7 {[%emt 0:00:01]} 41. Nb1 {[%emt 0:00:33]} f4 {[%emt 0:00:45]} 42. Nb2 {[%emt 0:00:32]} fxg3 {[%emt 0:01:43]} 43. fxg3 {[%emt 0:00:01]} g4 {[%emt 0:00:36]} 44. h4 {[%emt 0:00:59]} Be5 {[%emt 0:00:27]} 45. Kf2 {[%emt 0:00:18]} Kf5 {[%emt 0:00:32]} 46. Rxd3 {[%emt 0:00:38]} Rxd3 {[%emt 0:00:13]} 47. Nxd3 {[%emt 0:00:01]} Bb8 {[%emt 0:00:01]} 48. Nd2 {[%emt 0:00:33]} Ng7 {[%emt 0:00:49]} 49. Nc5 {[%emt 0:00:27]} Nh5 {[%emt 0:00:48]} 50. Nde4 {[%emt 0:00:07]} Ba7 {[%emt 0:00:35]} 51. Nd6+ {[%emt 0:00:56]} Ke5 {[%emt 0:00:17]} 52. Ndxb7 {[%emt 0:00:07]} Kd5 {[%emt 0:00:09]} 53. Kg2 {[%emt 0:01:04]} Nf6 {[%emt 0:00:42]} 54. a6 {[%emt 0:00:50]} Ne8 {[%emt 0:00:52]} 55. Kf2 {[%emt 0:00:31]} Kc4 {[%emt 0:00:34]} 56. Ke3 Kxc3 57. Kf4 Kxb4 58. Kxg4 Ng7 59. Ne4 Kb5 60. Nbd6+ Kxa6 61. Nf5 Ne6 62. Nxh6 Kb5 63. Nf5 Kc6 64. Nf6 Bb6 65. Ne7+ Kb7 66. Kf5 Ng7+ 67. Kg6 Ne6 68. g4 Bf2 69. h5 Nf4+ 70. Kf7 Nh3 71. Ne4 Be3 72. Kf6 Bd4+ 73. Kf5 Kc7 74. Nf6 Kd6 75. Ned5 Bxf6 76. Kxf6 Nf2 77. Ne3 Ne4+ 78. Kg6 Ke6 79. h6 Nf6 80. g5 Nd7 81. Kg7 Ne5 82. h7 Nf7 83. g6 {Kd5} 1-0

[Event "26th Abu Dhabi Master 2019"]
[Site "Abu Dhabi"]
[Date "2019.08.03"]
[Round "2.54"]
[White "Assaubayeva, Bibisara"]
[Black "Ayyad, Husain"]
[Result "1-0"]
[WhiteElo "2375"]
[BlackElo "2231"]
[Annotator "NA"]
[PlyCount "69"]
[EventDate "2019.08.02"]
[EventType "swiss"]
[EventCountry "UAE"]
[SourceTitle "playchess.com"]
[Source "ChessBase"]
[SourceQuality "1"]
[TimeControl "5400+30"]

1. Nf3 Nf6 2. c4 e6 3. Nc3 d5 4. d4 c6 5. Bg5 Nbd7 6. cxd5 exd5 7. e3 Be7 8. Bd3 O-O 9. O-O Re8 10. Qc2 h6 11. Bf4 Nh5 12. Nxd5 Nxf4 13. Nxf4 Nf6 14. Bc4 Bd6 15. Nd3 b5 16. Bb3 Bf5 17. Qc3 Rc8 18. Nfe5 Rc7 19. Rad1 Nd5 20. Qd2 a6 21. Rfe1 Bxd3 22. Nxd3 Nf6 23. Qe2 Qe7 24. f4 c5 25. dxc5 Bxc5 26. Ne5 Qf8 27. Kh1 Bb4 28. Rc1 Rec8 29. Rxc7 Rxc7 30. Rd1 Qe8 31. e4 Kf8 32. Qd3 Qa8 33. Bxf7 Nxe4 34. Qb3 Bc5 35. Ng6# 1-0

[Event "26th Abu Dhabi Master 2019"]
[Site "Abu Dhabi"]
[Date "2019.08.03"]
[Round "2.55"]
[White "Rathanvel, V S"]
[Black "Srihari L R"]
[Result "1-0"]
[WhiteElo "2367"]
[BlackElo "2227"]
[Annotator "NA"]
[PlyCount "145"]
[EventDate "2019.08.02"]
[EventType "swiss"]
[EventCountry "UAE"]
[SourceTitle "playchess.com"]
[Source "ChessBase"]
[SourceQuality "1"]
[TimeControl "5400+30"]

1. e4 {[%emt 0:00:00]} d6 {[%emt 0:03:14]} 2. d4 {[%emt 0:00:00]} Nf6 {[%emt 0:00:06]} 3. Nc3 {[%emt 0:00:00]} c6 {[%emt 0:00:22]} 4. f4 {[%emt 0:00:04]} Qa5 {[%emt 0:00:17]} 5. Bd3 {[%emt 0:00:09]} e5 {[%emt 0:00:21]} 6. Nf3 {[%emt 0:00:33]} exd4 {[%emt 0:00:11]} 7. Nxd4 {[%emt 0:00:12]} g6 {[%emt 0:00:05]} 8. Be3 {[%emt 0:08:13]} Bg7 {[%emt 0:05:46]} 9. h3 {[%emt 0:01:35]} O-O {[%emt 0:06:07]} 10. O-O {[%emt 0:01:52]} Nbd7 {[%emt 0:02:58]} 11. Qd2 {[%emt 0:10:25]} Re8 {[%emt 0:14:16]} 12. Nb3 {[%emt 0:15:14]} Qc7 {[%emt 0:02:48]} 13. a4 {[%emt 0:00:26]} a6 {[%emt 0:15:56]} 14. Qf2 {[%emt 0:07:57]} c5 {[%emt 0:11:04]} 15. Nd2 {[%emt 0:06:47]} b6 {[%emt 0:08:59]} 16. Be2 {[%emt 0:21:24]} Bb7 {[%emt 0:01:22]} 17. Bf3 {[%emt 0:00:48]} Re7 {[%emt 0:07:56]} 18. Rad1 {[%emt 0:02:21]} c4 {[%emt 0:11:51]} 19. Bd4 {[%emt 0:01:33]} Rae8 {[%emt 0:00:48]} 20. Rfe1 {[%emt 0:02:43]} h6 {[%emt 0:04:53]} 21. Qf1 {[%emt 0:02:37]} Rc8 {[%emt 0:00:25]} 22. e5 {[%emt 0:00:57]} dxe5 {[%emt 0:00:42]} 23. fxe5 {[%emt 0:00:11]} Ne8 {[%emt 0:00:30]} 24. Bxb7 {[%emt 0:01:15]} Qxb7 {[%emt 0:00:01]} 25. Nxc4 {[%emt 0:00:33]} Qc6 {[%emt 0:00:52]} 26. Ne3 {[%emt 0:04:00]} Nc7 {[%emt 0:00:31]} 27. Ng4 {[%emt 0:03:11]} Rce8 {[%emt 0:00:26]} 28. Ne4 {[%emt 0:00:50]} h5 {[%emt 0:00:40]} 29. Ngf6+ {[%emt 0:02:26]} Bxf6 {[%emt 0:00:06]} 30. Nxf6+ {[%emt 0:00:13]} Nxf6 {[%emt 0:00:04]} 31. exf6 {[%emt 0:00:07]} Rxe1 {[%emt 0:00:03]} 32. Rxe1 {[%emt 0:00:05]} Rxe1 {[%emt 0:00:56]} 33. Qxe1 {[%emt 0:00:02]} Ne6 {[%emt 0:00:50]} 34. Bc3 {[%emt 0:05:10]} Qxa4 {[%emt 0:00:43]} 35. Qf2 {[%emt 0:02:19]} Qc6 {[%emt 0:00:47]} 36. Qg3 {[%emt 0:00:27]} Kh7 {[%emt 0:00:31]} 37. Qb8 {[%emt 0:00:40]} a5 {[%emt 0:00:30]} 38. Kh1 {[%emt 0:00:52]} a4 {[%emt 0:00:27]} 39. Qe5 {[%emt 0:00:31]} Qd7 {[%emt 0:00:31]} 40. Qe4 {[%emt 0:00:25]} b5 {[%emt 0:00:27]} 41. Kh2 {[%emt 0:00:32]} Qc7+ {[%emt 0:00:27]} 42. Be5 {[%emt 0:00:07]} Qc5 {[%emt 0:00:37]} 43. c3 {[%emt 0:00:25]} Qa7 {[%emt 0:00:32]} 44. Bd6 {[%emt 0:00:53]} Qd7 {[%emt 0:00:28]} 45. Qe5 {[%emt 0:00:17]} Qc6 {[%emt 0:00:22]} 46. Kg3 {[%emt 0:00:27]} Qc4 {[%emt 0:00:28]} 47. Kh2 {[%emt 0:00:35]} Qd3 {[%emt 0:00:38]} 48. Be7 {[%emt 0:00:39]} h4 {[%emt 0:00:30]} 49. Kg1 {[%emt 0:00:39]} Qb1+ {[%emt 0:00:23]} 50. Kh2 {[%emt 0:00:05]} Qxb2 {[%emt 0:00:22]} 51. Qxe6 {[%emt 0:00:32]} fxe6 {[%emt 0:00:28]} 52. f7 {[%emt 0:00:01]} Qxc3 {[%emt 0:00:30]} 53. f8=Q {[%emt 0:00:05]} Qg3+ {[%emt 0:00:40]} 54. Kg1 {[%emt 0:00:06]} Qe3+ {[%emt 0:00:18]} 55. Qf2 {[%emt 0:01:17]} Qc1+ {[%emt 0:00:05]} 56. Qf1 {[%emt 0:00:05]} Qxf1+ {[%emt 0:01:11]} 57. Kxf1 {[%emt 0:00:01]} Kg7 {[%emt 0:00:18]} 58. Ke2 {[%emt 0:01:12]} Kf7 {[%emt 0:00:15]} 59. Bxh4 {[%emt 0:00:44]} b4 {[%emt 0:01:00]} 60. Bg5 {[%emt 0:00:24]} e5 {[%emt 0:00:27]} 61. Kd3 {[%emt 0:00:31]} b3 {[%emt 0:00:33]} 62. Bc1 {[%emt 0:00:13]} Ke6 {[%emt 0:00:25]} 63. Ke4 {[%emt 0:00:36]} Kd6 {[%emt 0:00:16]} 64. Ba3+ {[%emt 0:00:05]} Ke6 {[%emt 0:00:17]} 65. h4 {[%emt 0:00:08]} Kf6 {[%emt 0:00:45]} 66. g4 {[%emt 0:00:05]} Ke6 {[%emt 0:00:41]} 67. g5 {[%emt 0:00:06]} Kf7 {[%emt 0:00:06]} 68. Kxe5 {[%emt 0:00:04]} Kg7 {[%emt 0:00:03]} 69. Ke6 {[%emt 0:00:09]} Kh8 {[%emt 0:00:27]} 70. Kf7 {[%emt 0:00:12]} Kh7 {[%emt 0:00:03]} 71. h5 {[%emt 0:00:07]} gxh5 {[%emt 0:00:04]} 72. g6+ {[%emt 0:00:04]} Kh6 {[%emt 0:00:04]} 73. Bc1# {[%emt 0:00:05]} 1-0

[Event "26th Abu Dhabi Master 2019"]
[Site "Abu Dhabi"]
[Date "2019.08.03"]
[Round "2.56"]
[White "Tabada, Jobannie C."]
[Black "Raja Rithvik R"]
[Result "1-0"]
[WhiteElo "2216"]
[BlackElo "2357"]
[Annotator "NA"]
[PlyCount "135"]
[EventDate "2019.08.02"]
[EventType "swiss"]
[EventCountry "UAE"]
[SourceTitle "playchess.com"]
[Source "ChessBase"]
[SourceQuality "1"]
[TimeControl "5400+30"]

1. e4 e5 2. Nf3 Nc6 3. Bb5 a6 4. Ba4 Nf6 5. d3 b5 6. Bb3 Bc5 7. O-O d6 8. c3 O-O 9. Be3 Bxe3 10. fxe3 Na5 11. Bc2 c5 12. Nbd2 Nc6 13. Qe1 Ne7 14. Nh4 Ng6 15. Nf5 Be6 16. a4 Qd7 17. h3 d5 18. Qf2 Bxf5 19. exf5 Ne7 20. g4 h6 21. Qg3 Rae8 22. Rf2 c4 23. dxc4 bxc4 24. g5 hxg5 25. Qxg5 Nh7 26. Qg3 f6 27. e4 Rd8 28. exd5 Nxd5 29. Nxc4 Nf4 30. h4 Qc6 31. b3 Kh8 32. Kh2 Rd7 33. Rg1 Rfd8 34. Re1 Qc5 35. Qe3 Qc7 36. Qb6 Qxb6 37. Nxb6 Rd2 38. Ref1 Ne2 39. Be4 Nxc3 40. Bg2 R2d4 41. Rc2 Rxh4+ 42. Kg3 Rb4 43. Rxc3 Rxb6 44. Bd5 Rbd6 45. Bc4 a5 46. Rh1 R6d7 47. Rc2 g5 48. fxg6 Rg7 49. Rxh7+ Rxh7 50. gxh7 Kxh7 51. Be6 Kg6 52. Rc5 Rd3+ 53. Kf2 Kg5 54. Rxa5 Kf4 55. Ke2 Rd6 56. Bc4 f5 57. Ra6 Rd7 58. Rf6 Rh7 59. Be6 Rh2+ 60. Kf1 e4 61. Rxf5+ Ke3 62. a5 Ra2 63. Bc4 Ra1+ 64. Kg2 Ra2+ 65. Kg3 Ra1 66. a6 Rg1+ 67. Kh2 Rg7 68. Rf7 1-0

[Event "26th Abu Dhabi Master 2019"]
[Site "Abu Dhabi"]
[Date "2019.08.03"]
[Round "2.57"]
[White "Kulkarni, Rakesh"]
[Black "Ajay Karthikeyan"]
[Result "1/2-1/2"]
[WhiteElo "2360"]
[BlackElo "2216"]
[Annotator "NA"]
[PlyCount "64"]
[EventDate "2019.08.02"]
[EventType "swiss"]
[EventCountry "UAE"]
[SourceTitle "playchess.com"]
[Source "ChessBase"]
[SourceQuality "1"]
[TimeControl "5400+30"]

1. e4 {[%emt 0:00:23]} c5 {[%emt 0:03:13]} 2. c3 {[%emt 0:01:48]} Nf6 {[%emt 0:00:14]} 3. e5 {[%emt 0:00:15]} Nd5 {[%emt 0:00:04]} 4. Nf3 {[%emt 0:00:37]} Nc6 {[%emt 0:00:18]} 5. d4 {[%emt 0:00:56]} cxd4 {[%emt 0:00:06]} 6. cxd4 {[%emt 0:00:05]} d6 {[%emt 0:00:15]} 7. Bc4 {[%emt 0:00:33]} dxe5 {[%emt 0:00:28]} 8. dxe5 {[%emt 0:00:37]} Ndb4 {[%emt 0:00:10]} 9. Qxd8+ {[%emt 0:00:19]} Nxd8 {[%emt 0:00:20]} 10. Na3 {[%emt 0:00:10]} Bg4 {[%emt 0:00:13]} 11. Nd4 {[%emt 0:03:07]} a6 {[%emt 0:00:33]} 12. h3 {[%emt 0:03:53]} Bd7 {[%emt 0:05:36]} 13. O-O {[%emt 0:02:14]} e6 {[%emt 0:00:21]} 14. Be2 {[%emt 0:04:13]} Ndc6 {[%emt 0:05:56]} 15. Nxc6 {[%emt 0:03:03]} Bxc6 {[%emt 0:01:36]} 16. Bd2 {[%emt 0:03:29]} Be7 {[%emt 0:09:36]} 17. Nc4 {[%emt 0:02:58]} O-O {[%emt 0:02:07]} 18. Rfd1 {[%emt 0:10:03]} Rfd8 {[%emt 0:05:09]} 19. Na5 {[%emt 0:12:43]} Be4 {[%emt 0:09:59]} 20. Bc3 {[%emt 0:16:17]} Rxd1+ {[%emt 0:04:26]} 21. Bxd1 {[%emt 0:02:15]} Rd8 {[%emt 0:03:43]} 22. Bb3 {[%emt 0:06:08]} Nd3 {[%emt 0:13:47]} 23. Rd1 {[%emt 0:03:14]} Nf4 {[%emt 0:00:40]} 24. f3 {[%emt 0:01:41]} Bc5+ {[%emt 0:06:00]} 25. Kh2 {[%emt 0:01:01]} Rxd1 {[%emt 0:00:10]} 26. Bxd1 {[%emt 0:00:19]} Bd5 {[%emt 0:01:17]} 27. b4 {[%emt 0:07:44]} Be3 {[%emt 0:03:35]} 28. Nb3 {[%emt 0:04:07]} Nd3 {[%emt 0:04:03]} 29. g3 {[%emt 0:00:24]} Bf2 {[%emt 0:09:36]} 30. a3 {[%emt 0:04:28]} Be1 {[%emt 0:06:13]} 31. Bxe1 {[%emt 0:00:50]} Nxe1 {[%emt 0:00:01]} 32. Nd4 {[%emt 0:00:49]} g5 {[%emt 0:01:38]} 1/2-1/2

[Event "26th Abu Dhabi Master 2019"]
[Site "Abu Dhabi"]
[Date "2019.08.03"]
[Round "2.58"]
[White "Pranav Anand"]
[Black "Eynullayev, Altay"]
[Result "0-1"]
[WhiteElo "2347"]
[BlackElo "2188"]
[Annotator "NA"]
[PlyCount "99"]
[EventDate "2019.08.02"]
[EventType "swiss"]
[EventCountry "UAE"]
[SourceTitle "playchess.com"]
[Source "ChessBase"]
[SourceQuality "1"]
[TimeControl "5400+30"]

1. d4 Nf6 2. c4 g6 3. Nc3 d5 4. Nf3 Bg7 5. Qb3 dxc4 6. Qxc4 O-O 7. e4 a6 8. Be2 b5 9. Qb3 Nc6 {[%emt 0:00:27]} 10. d5 {[%emt 0:14:48]} Na5 {[%emt 0:00:06]} 11. Qb4 {[%emt 0:03:45]} c6 {[%emt 0:00:06]} 12. Be3 {[%emt 0:02:37]} cxd5 {[%emt 0:10:55]} 13. exd5 {[%emt 0:00:23]} Bb7 {[%emt 0:02:43]} 14. Rd1 {[%emt 0:06:59]} Rc8 {[%emt 0:06:01]} 15. Bc5 {[%emt 0:19:24]} Nc4 {[%emt 0:21:25]} 16. Qa3 {[%emt 0:05:42]} Nd6 {[%emt 0:10:40]} 17. O-O {[%emt 0:00:30]} Re8 {[%emt 0:00:30]} 18. Bb4 {[%emt 0:08:12]} Nfe4 {[%emt 0:04:53]} 19. Ba5 {[%emt 0:11:54]} Qd7 {[%emt 0:00:20]} 20. Nxe4 {[%emt 0:01:50]} Nxe4 {[%emt 0:00:07]} 21. Qe3 {[%emt 0:09:54]} Nf6 {[%emt 0:04:35]} 22. Ne5 {[%emt 0:00:53]} Qd6 {[%emt 0:01:12]} 23. Qf4 {[%emt 0:04:31]} Rf8 {[%emt 0:05:44]} 24. Nd3 {[%emt 0:04:38]} Qxf4 {[%emt 0:02:55]} 25. Nxf4 {[%emt 0:00:07]} Bh6 {[%emt 0:06:37]} 26. Nd3 {[%emt 0:00:11]} Bxd5 {[%emt 0:01:35]} 27. Nb4 {[%emt 0:00:09]} Bb7 {[%emt 0:00:33]} 28. Ra1 {[%emt 0:03:30]} Nd7 {[%emt 0:04:40]} 29. a4 {[%emt 0:01:11]} bxa4 {[%emt 0:01:07]} 30. Rxa4 {[%emt 0:00:08]} Nc5 {[%emt 0:00:06]} 31. Ra2 {[%emt 0:00:47]} Bg7 {[%emt 0:09:53]} 32. Bb6 {[%emt 0:00:40]} Nd7 {[%emt 0:01:32]} 33. Be3 {[%emt 0:00:29]} Nb8 {[%emt 0:00:39]} 34. Nxa6 {[%emt 0:02:50]} Nxa6 {[%emt 0:01:04]} 35. Bxa6 {[%emt 0:00:02]} Bxa6 {[%emt 0:00:51]} 36. Rxa6 {[%emt 0:00:01]} Bxb2 {[%emt 0:00:01]} 37. g3 {[%emt 0:00:11]} Ra8 {[%emt 0:00:29]} 38. Rb6 {[%emt 0:00:24]} Bf6 {[%emt 0:00:59]} 39. h4 {[%emt 0:00:00]} Ra1 {[%emt 0:02:38]} 40. Kg2 {[%emt 0:00:00]} Rd8 {[%emt 0:00:30]} 41. Rxa1 {[%emt 0:00:17]} Bxa1 {[%emt 0:00:30]} 42. Kf1 {[%emt 0:00:30]} Rd7 {[%emt 0:00:30]} 43. Kg2 {[%emt 0:00:30]} f5 {[%emt 0:00:30]} 44. h5 {[%emt 0:00:30]} Bf6 {[%emt 0:01:28]} 45. hxg6 {[%emt 0:00:54]} hxg6 {[%emt 0:00:44]} 46. g4 {[%emt 0:00:18]} e5 {[%emt 0:00:38]} 47. gxf5 {[%emt 0:00:21]} gxf5 {[%emt 0:00:00]} 48. Bc1 {[%emt 0:00:09]} f4 {[%emt 0:00:00]} 49. f3 {[%emt 0:00:28]} Rd5 {[%emt 0:00:49]} 50. Bd2 {[%emt 0:00:00]} 0-1

[Event "26th Abu Dhabi Master 2019"]
[Site "Abu Dhabi"]
[Date "2019.08.03"]
[Round "2.59"]
[White "Priyanka, K."]
[Black "Moksh Amit Doshi"]
[Result "1/2-1/2"]
[WhiteElo "2201"]
[BlackElo "2229"]
[Annotator "NA"]
[PlyCount "80"]
[EventDate "2019.08.02"]
[EventType "swiss"]
[EventCountry "UAE"]
[SourceTitle "playchess.com"]
[Source "ChessBase"]
[SourceQuality "1"]
[TimeControl "5400+30"]

1. e4 e5 2. Nf3 Nc6 3. Bb5 a6 4. Ba4 Nf6 5. O-O Be7 6. Re1 b5 7. Bb3 d6 8. c3 O-O 9. d4 Bg4 10. d5 Na5 11. Bc2 Qc8 12. h3 Bh5 13. Nbd2 c6 14. dxc6 Qxc6 15. Nf1 Nc4 16. Ng3 Bg6 17. Nh4 Rfd8 18. Nhf5 Bf8 19. a4 d5 20. Qf3 d4 21. axb5 axb5 22. Rxa8 Qxa8 23. Rd1 Qa2 24. cxd4 Nxb2 25. Bb3 Qb1 26. Bxb2 Qxb2 27. dxe5 Rxd1+ 28. Qxd1 Qxe5 29. Qd4 Qe8 30. e5 Nd7 31. Nd6 Bxd6 32. exd6 h5 33. Nf1 Qe1 34. Qd5 Qb4 35. Qc6 Nf8 36. Bd5 h4 37. Qc7 Qf4 38. Qe7 Qb4 39. Qc7 Qf4 40. Qe7 Qb4 1/2-1/2

[Event "26th Abu Dhabi Master 2019"]
[Site "Abu Dhabi"]
[Date "2019.08.03"]
[Round "2.60"]
[White "Nandhidhaa, P V"]
[Black "Adnan, Habib"]
[Result "1-0"]
[WhiteElo "2259"]
[BlackElo "2197"]
[Annotator "NA"]
[PlyCount "93"]
[EventDate "2019.08.02"]
[EventType "swiss"]
[EventCountry "UAE"]
[SourceTitle "playchess.com"]
[Source "ChessBase"]
[SourceQuality "1"]
[TimeControl "5400+30"]

1. e4 {[%emt 0:00:00]} e6 {[%emt 0:00:00]} 2. d4 {[%emt 0:00:00]} d5 {[%emt 0:00:00]} 3. Nc3 {[%emt 0:00:00]} Bb4 {[%emt 0:00:00]} 4. exd5 {[%emt 0:00:00]} exd5 {[%emt 0:00:00]} 5. Bd3 {[%emt 0:00:00]} Nc6 {[%emt 0:00:26]} 6. Nf3 {[%emt 0:00:22]} Nge7 {[%emt 0:00:47]} 7. O-O {[%emt 0:01:05]} Bf5 {[%emt 0:03:31]} 8. Bxf5 {[%emt 0:02:43]} Nxf5 {[%emt 0:00:04]} 9. Qd3 {[%emt 0:00:16]} Qd7 {[%emt 0:07:35]} 10. Re1+ {[%emt 0:06:47]} Nfe7 {[%emt 0:00:16]} 11. a3 {[%emt 0:04:59]} Bxc3 {[%emt 0:03:19]} 12. Qxc3 {[%emt 0:00:26]} f6 {[%emt 0:00:07]} 13. Qb3 {[%emt 0:05:08]} b6 {[%emt 0:01:41]} 14. Qa4 {[%emt 0:01:41]} a6 {[%emt 0:02:28]} 15. Bd2 {[%emt 0:03:25]} b5 {[%emt 0:01:08]} 16. Qb3 {[%emt 0:00:21]} O-O {[%emt 0:00:12]} 17. a4 {[%emt 0:02:52]} Rfb8 {[%emt 0:16:18]} 18. axb5 {[%emt 0:00:15]} Rxb5 {[%emt 0:00:18]} 19. Qxb5 {[%emt 0:17:10]} axb5 {[%emt 0:00:05]} 20. Rxa8+ {[%emt 0:00:06]} Kf7 {[%emt 0:00:05]} 21. Bf4 {[%emt 0:00:59]} Qf5 {[%emt 0:16:16]} 22. Bxc7 {[%emt 0:02:58]} Qxc2 {[%emt 0:00:12]} 23. Bd6 {[%emt 0:07:45]} Nf5 {[%emt 0:10:37]} 24. Bc5 {[%emt 0:01:53]} h5 {[%emt 0:02:50]} 25. Rc8 {[%emt 0:03:38]} Nb4 {[%emt 0:01:33]} 26. Rf8+ {[%emt 0:02:24]} Kg6 {[%emt 0:00:05]} 27. Bxb4 {[%emt 0:00:05]} Qxb2 {[%emt 0:00:10]} 28. Bc5 {[%emt 0:01:38]} b4 {[%emt 0:01:19]} 29. Rfe8 {[%emt 0:00:48]} h4 {[%emt 0:04:32]} 30. h3 {[%emt 0:02:21]} Qc3 {[%emt 0:04:07]} 31. R8e2 {[%emt 0:00:49]} Kh5 {[%emt 0:03:33]} 32. Rb1 {[%emt 0:00:38]} g5 {[%emt 0:00:57]} 33. Reb2 {[%emt 0:05:17]} g4 {[%emt 0:01:09]} 34. hxg4+ {[%emt 0:01:30]} Kxg4 {[%emt 0:00:07]} 35. Rxb4 {[%emt 0:00:47]} h3 {[%emt 0:03:57]} 36. R4b3 {[%emt 0:00:52]} Qc2 {[%emt 0:00:23]} 37. Ne1 {[%emt 0:05:47]} h2+ {[%emt 0:00:46]} 38. Kxh2 {[%emt 0:00:12]} Qxf2 {[%emt 0:00:08]} 39. Rf3 {[%emt 0:04:41]} Qe2 {[%emt 0:01:32]} 40. Rb8 {[%emt 0:02:47]} Qe6 {[%emt 0:02:00]} 41. Nd3 {[%emt 0:01:17]} Qf7 {[%emt 0:00:57]} 42. Nf2+ {[%emt 0:03:00]} Kg5 {[%emt 0:00:17]} 43. Nh3+ {[%emt 0:00:21]} Kg6 {[%emt 0:00:26]} 44. Nf4+ {[%emt 0:00:28]} Kg5 {[%emt 0:00:33]} 45. Rh8 {[%emt 0:01:02]} Ng7 {[%emt 0:03:38]} 46. Rh7 {[%emt 0:02:25]} Kg4 {[%emt 0:00:22]} 47. Rxg7+ {[%emt 0:00:13]} 1-0

[Event "26th Abu Dhabi Master 2019"]
[Site "Abu Dhabi"]
[Date "2019.08.03"]
[Round "2.61"]
[White "Soham Datar"]
[Black "Aronyak Ghosh"]
[Result "0-1"]
[WhiteElo "2129"]
[BlackElo "2349"]
[Annotator "NA"]
[PlyCount "66"]
[EventDate "2019.08.02"]
[EventType "swiss"]
[EventCountry "UAE"]
[SourceTitle "playchess.com"]
[Source "ChessBase"]
[SourceQuality "1"]
[TimeControl "5400+30"]

1. b3 {[%emt 0:01:27]} d5 {[%emt 0:00:00]} 2. Bb2 {[%emt 0:00:05]} Bg4 {[%emt 0:00:03]} 3. f3 {[%emt 0:00:39]} Bf5 {[%emt 0:00:06]} 4. e3 {[%emt 0:00:21]} Nf6 {[%emt 0:01:00]} 5. Ne2 {[%emt 0:00:05]} e6 {[%emt 0:02:19]} 6. Ng3 {[%emt 0:00:05]} Bg6 {[%emt 0:02:11]} 7. f4 {[%emt 0:00:05]} h5 {[%emt 0:01:42]} 8. f5 {[%emt 0:15:19]} Bxf5 {[%emt 0:08:24]} 9. Nxf5 {[%emt 0:00:06]} exf5 {[%emt 0:00:03]} 10. Qf3 {[%emt 0:00:35]} g6 {[%emt 0:01:27]} 11. Nc3 {[%emt 0:00:21]} c6 {[%emt 0:02:29]} 12. Bd3 {[%emt 0:14:25]} Nbd7 {[%emt 0:01:56]} 13. Ne2 {[%emt 0:01:19]} Bd6 {[%emt 0:01:39]} 14. O-O-O {[%emt 0:07:08]} Ne5 {[%emt 0:00:42]} 15. Qf1 {[%emt 0:06:45]} Qe7 {[%emt 0:01:07]} 16. Bxf5 {[%emt 0:01:06]} gxf5 {[%emt 0:02:32]} 17. Nd4 {[%emt 0:01:22]} Bc7 {[%emt 0:06:42]} 18. Nxf5 {[%emt 0:00:08]} Qf8 {[%emt 0:00:11]} 19. e4 {[%emt 0:08:32]} dxe4 {[%emt 0:03:09]} 20. d4 {[%emt 0:00:57]} Ned7 {[%emt 0:01:46]} 21. d5 {[%emt 0:00:07]} Nxd5 {[%emt 0:03:06]} 22. Ng7+ {[%emt 0:01:24]} Kd8 {[%emt 0:00:55]} 23. c4 {[%emt 0:01:50]} Nf4 {[%emt 0:03:03]} 24. Nf5 {[%emt 0:04:52]} Kc8 {[%emt 0:02:39]} 25. g3 {[%emt 0:00:33]} Nd3+ {[%emt 0:01:54]} 26. Rxd3 {[%emt 0:00:16]} exd3 {[%emt 0:00:02]} 27. Qxd3 {[%emt 0:00:17]} Ne5 {[%emt 0:02:48]} 28. Qe4 {[%emt 0:00:47]} f6 {[%emt 0:03:43]} 29. Rd1 {[%emt 0:01:57]} a5 {[%emt 0:01:58]} 30. Nd4 {[%emt 0:00:21]} a4 {[%emt 0:00:33]} 31. Qf5+ {[%emt 0:01:13]} Kb8 {[%emt 0:00:06]} 32. Ne6 {[%emt 0:00:11]} Qh6+ {[%emt 0:01:42]} 33. Kb1 {[%emt 0:00:17]} Qh7 {[%emt 0:01:01]} 0-1